000 00652nam a22002057a 4500
005 20260609151052.0
010 _aENG-148804
020 _a9789378526053
_c1095.00
035 _aEN-132336
037 _bDBAD
082 _28
_a381.41521095414
100 _aGrewal, Dhruv
_956776
245 _aMarketing/
_cDhruv Grewal [and] Michael Levy
250 _a8
260 _aChennai
_bMcGraw Hill Education India Pvt Ltd
_c2026
270 _a5/90 Anjana Complex, Butt Road, St. Thomas Mount
_bChennai
_e600016
300 _a686p.
_c28cm(pb)
_bIndex
700 _aLevy, Michael
_eAuthor
_989340
942 _2ddc
_cEN
_h381.41521095414
_mGRE
_e8
999 _c216567
_d216567